000
00215nam a2200097Ia 4500
005
20251222114400.0
008
251222s1900||||xx |||||||||||||| ||spa||
082
_a
DVD0080/V39/2006
245
0
_a
La prueba:
942
_c
DVD
999
_c
1586
_d
1586